| 000 | 00801cam a22002533a 4500 | ||
|---|---|---|---|
| 001 | 18025 | ||
| 003 | PGUSA | ||
| 005 | 20140828083402.0 | ||
| 008 | 060320s2006||||xxu|||||s|||||000 | eng d | ||
| 040 |
_aPGUSA _beng |
||
| 042 | _adc | ||
| 050 | 4 | _aE300 | |
| 100 | 1 |
_aNursey, Walter R., _d1847-1927 |
|
| 245 | 1 | 4 |
_aThe Story of Isaac Brock : _bHero, Defender and Saviour of Upper Canada, 1812 _h[electronic resource] / _cWalter R. Nursey |
| 260 |
_bProject Gutenberg, _c2006 |
||
| 506 | _aPublic domain in the USA. | ||
| 516 | _aElectronic text | ||
| 653 | _aCanada -- History -- 1763-1867 | ||
| 653 | _aUnited States -- History -- War of 1812 | ||
| 653 | _aBrock, Isaac, Sir, 1769-1812 | ||
| 830 | 0 |
_aProject Gutenberg _v18025 |
|
| 856 | 4 | 0 | _uhttp://www.gutenberg.org/ebooks/18025 |
| 942 | _cEB | ||
| 999 |
_c247280 _d247280 |
||